The legal production of mexican/migrant "illegality"/
Bewaard in:
| Hoofdauteur: | |
|---|---|
| Formaat: | Boek |
| Taal: | Spanish |
| Tags: |
Voeg label toe
Geen labels, Wees de eerste die dit record labelt!
|
MARC
| LEADER | 00000nam a22000007a 4500 | ||
|---|---|---|---|
| 003 | cru CIDCACS/IIS | ||
| 005 | 20180321144308.0 | ||
| 007 | ta | ||
| 008 | 180321t2013 cau|||||r|||||||| ||spa|d | ||
| 999 | |c 41169 |d 41169 | ||
| 040 | |c cru CIDCACS/IIS | ||
| 100 | 1 | |9 6823 |a De Genova, Nicholas | |
| 245 | 1 | 4 | |a The legal production of mexican/migrant "illegality"/ |c Nicholas De Genova |
| 300 | |a páginas 41-57 | ||
| 773 | 0 | |0 41168 |9 1911 |a Dowling, Julie A. |d Stanford, California: Stanford University Press, 2013 |o 18410 |t Governing immigration through crime: |z 9780804778817 | |
| 942 | |2 ddc |c LI | ||



